Eliminácie následkov krízy

Bibliographic Details
Main Author: Komová, Anna (Author, Interviewer)
Format: Article
Language:Slovak
Subjects:
Online Access:http://www.parlamentnykurier.sk/kur167a168-09/33.pdf

MARC

LEADER 00000nab a2200000 a 4500
001 vtls009485884
003 SK-MaSNL
005 20260304175711.0
008 140429c2009 xo zr|p|||||||000 b|slo
015 |a SNBRB2009/03  |2 snkbucl 
040 |a SNKBUCL  |b slo  |c SNKBUCL  |e AACR2 
041 0 |a slo 
044 |a xo  |c SK 
080 |a 354.81  |x (437.6)  |2 2001 
080 |a 328.1  |x (437.6)  |2 2001 
100 1 |a Komová, Anna  |4 ivr  |4 aut  |9 1034364 
245 1 0 |a Eliminácie následkov krízy  |c Anna Komová, Peter Žiga 
300 |b Fotogr. 
610 1 7 |a Slovensko.  |b Vláda  |2 snkbucl  |9 14235 
610 1 7 |a Slovensko.  |b Ministerstvo hospodárstva  |2 snkbucl  |9 14439 
655 7 |a rozhovory  |2 snkbucl  |9 31831 
700 1 |a Žiga, Peter  |4 ive  |9 1058133 
773 0 |t Parlamentný kuriér  |g Roč. XVII, č. CLXVII-CLXVIII (2009), s. 33-34  |x 1335-0307 
852 |a SNK  |b KIS3GCP 
856 4 1 |u http://www.parlamentnykurier.sk/kur167a168-09/33.pdf 
958 |a SK 
999 |c 3014792  |d 3016722